Welcome to the Holygrace Academy Library

Please use search bar below to get started

STRESS MANAGEMENT FOR TEACHERS (Record no. 5633)

MARC details
000 -LEADER
fixed length control field 00315nam a22001337a 4500
020 ## - INTERNATIONAL STANDARD BOOK NUMBER
ISBN 0-435-9989-7
082 ## - DEWEY DECIMAL CLASSIFICATION NUMBER
Classification number 158
Item number MIL/S
100 ## - MAIN ENTRY--AUTHOR NAME
Personal name MILLS, SANDRA
245 ## - TITLE STATEMENT
Title STRESS MANAGEMENT FOR TEACHERS
260 ## - PUBLICATION, DISTRIBUTION, ETC. (IMPRINT)
Place of publication DELHI
Name of publisher MADHUBAN EDUCATIONAL BOOKS
Year of publication 2002
300 ## - PHYSICAL DESCRIPTION
Number of Pages 132
650 ## - SUBJECT ADDED ENTRY--TOPICAL TERM
Topical Term PSYCHOLOGY
Geographic subdivision INDIA
942 ## - ADDED ENTRY ELEMENTS (KOHA)
Koha item type Books
Holdings
Withdrawn status Lost status Collection code Home library Current library Shelving location Date acquired Source of acquisition Full call number Accession Number Koha item type
    Reference Main Library Main Library SHELF 15E--PSYCHOLOGY,JOKES 11/02/2003 purchase 158 MIL/S 01154 Books